[Event "Navarra-ch"]
[Site "Pamplona"]
[Date "2014.05.17"]
[Round "6"]
[White "Rey Fuentes, Juan Maria"]
[Black "Arrese Igor Royuela, Alex"]
[Result "1/2-1/2"]
[WhiteElo "1574"]
[BlackElo "1568"]
[PlyCount "53"]
[EventDate "2014.03.29"]
[EventType "swiss"]
[EventRounds "8"]
[EventCountry "ESP"]
[SourceTitle "EXT 2016"]
[Source "ChessBase"]
[SourceDate "2015.10.08"]
[SourceVersion "1"]
[SourceVersionDate "2015.10.08"]
[SourceQuality "1"]

1. e4 c5 2. Nf3 e6 3. d4 cxd4 4. Nxd4 Nf6 5. Bd3 Nc6 6. Nb3 d5 7. exd5 Nxd5 8. a3 Bd6 9. 0-0 0-0 10. c4 Nf6 11. Nc3 b6 12. Qc2 Bb7 13. Bg5 h6 14. Bxf6 Qxf6 15. Ne4 Qe7 16. Nxd6 Qxd6 17. Rad1 Qe7 18. Rd2 Qg5 19. Be4 Rfd8 20. Rfd1 Rxd2 21. Rxd2 Rd8 22. Rxd8+ Qxd8 23. c5 Na5 24. Bxb7 Nxb7 25. c6 Qc7 26. Nd4 Nd8 27. b4 1/2-1/2